Criminología / J.B. de Quirós.

Guardat en:
Dades bibliogràfiques
Autor principal: Bernaldo de Quirós, Juan (autor)
Format: Llibre
Idioma:espanyol
Edició:2a edición
Matèries:
Etiquetes: Afegir etiqueta
Sense etiquetes, Sigues el primer a etiquetar aquest registre!

MARC

LEADER 00000nam^a2200000^a^4500
001 000142962
005 20250521000000.0
009 20260310095707.348
037 |a Acervo ITESO - Biblioteca 
041 |a ESP 
082 |a 364.  |b BER 
100 |a Bernaldo de Quirós, Juan  |e (autor) 
245 1 0 |a Criminología /  |b J.B. de Quirós. 
250 |a 2a edición 
264 |a Puebla, México :  |b José María Cajica Jr,  |c 1957 
300 |a 403 p. 
336 |a texto  |b txt  |2 rdacontenido 
337 |a sin mediación  |b n  |2 rdamedio 
338 |a volumen  |b nc  |2 rdasoporte 
649 |a XX 
650 |a Mujeres -  |x Condiciones Sociales y Culturales 
650 |a Mujeres -  |x Condiciones Jurídicas 
650 |a Delincuentes -  |x Condiciones Psicológicas 
650 |a Delincuentes -  |x Condiciones Jurídicas 
650 |a Víctimas 
650 |a Delincuencia 
650 |a Psicopatología 
650 |a Delitos 
650 |a Criminalidad 
650 |a Desintegración Social 
650 |a Problemas Sociales 
650 |a Delitos -  |x Prevención 
650 |a Investigación del Delito 
650 |a Criminología 
650 |a Responsabilidad Penal 
650 |a Seguridad Pública 
650 |a Psicología Criminal 
650 |a Psicología Social 
650 |a Política Criminológica 
650 |a Modernidad y Posmodernidad 
650 |a Cultura Urbana 
650 |a Sociología de la Cultura 
910 |a Fondo General 
920 |a Impresos - Libros 
930 |a Colección General 
905 |a 101 
901 |a 0500071529  |b IT1  |c ACC  |i D37406  |u 20250521 
902 |a https://opac.biblio.iteso.mx/vufind/Record/000142962